[Event "Madrid ch - Final 2018"]
[Site "Madrid ESP"]
[Date "2018.05.27"]
[Round "2.11"]
[White "Perez Diez, Victor"]
[Black "Torres Bosch, Jose Francisco"]
[Result "1-0"]
[WhiteElo "1964"]
[BlackElo "2137"]
[PlyCount "103"]
[EventDate "2018.05.26"]
[EventType "swiss"]
[EventRounds "7"]
[EventCountry "ESP"]
[SourceTitle "Ajedrez en Madrid"]
[Source "lmi"]
[SourceDate "2018.05.26"]
[SourceVersion "1"]
[SourceVersionDate "2018.06.02"]
[SourceQuality "1"]

1. e4 c5 2. Nc3 e6 3. g3 d5 4. exd5 exd5 5. d3 Nf6 6. Bg2 Be7 7. Nge2 d4 8. Ne4
Nxe4 9. Bxe4 Nc6 10. Nf4 Ne5 11. h3 Qd6 12. Bg2 Bd7 13. O-O Bc6 14. Qe2 Bxg2
15. Nxg2 O-O 16. Bf4 Bf6 17. Bxe5 Qxe5 18. Rfe1 Qxe2 19. Rxe2 Rfe8 20. Rae1 Kf8
21. Nf4 Rxe2 22. Rxe2 Re8 23. Rxe8+ Kxe8 24. Kg2 Kd7 25. Kf3 Be5 26. g4 Bxf4
27. Kxf4 Ke6 28. h4 h6 29. g5 h5 30. Ke4 g6 31. b3 Kd6 32. a3 b6 33. b4 a5 34.
bxa5 bxa5 35. a4 Ke6 36. f4 f5+ 37. gxf6 Kxf6 38. Kd5 Kf5 39. Kxc5 Kxf4 40.
Kxd4 g5 41. hxg5 Kxg5 42. Ke3 h4 43. Kf3 h3 44. c4 h2 45. Kg2 Kf4 46. c5 Ke5
47. d4+ Kxd4 48. c6 Kc5 49. c7 h1=Q+ 50. Kxh1 Kb4 51. c8=Q Kxa4 52. Qc3 1-0

[Event "Madrid ch - Final 2018"]
[Site "Madrid ESP"]
[Date "2018.05.27"]
[Round "2.12"]
[White "Aguilera Lopez, Alejandro"]
[Black "Pindado Campos, Raul"]
[Result "1-0"]
[WhiteElo "2098"]
[BlackElo "2018"]
[PlyCount "51"]
[EventDate "2018.05.26"]
[EventType "swiss"]
[EventRounds "7"]
[EventCountry "ESP"]
[SourceTitle "Ajedrez en Madrid"]
[Source "lmi"]
[SourceDate "2018.05.26"]
[SourceVersion "1"]
[SourceVersionDate "2018.06.02"]
[SourceQuality "1"]

1. d4 d5 2. Nf3 Nf6 3. e3 Bf5 4. c4 c6 5. Nc3 e6 6. Nh4 Be4 7. f3 Bg6 8. Nxg6
hxg6 9. Bd3 Bd6 10. f4 Nbd7 11. c5 Bc7 12. b4 b6 13. b5 cxb5 14. Bxb5 bxc5 15.
O-O cxd4 16. exd4 Bd6 17. Qa4 g5 18. Ba3 Bxf4 19. Rxf4 gxf4 20. Bc6 Rc8 21. Rc1
Rh5 22. Nb5 Rxc6 23. Rxc6 Nb6 24. Qxa7 Nc4 25. Nc7+ Kd7 26. Nxe6+ 1-0

[Event "Madrid ch - Final 2018"]
[Site "Madrid ESP"]
[Date "2018.05.27"]
[Round "2.13"]
[White "Rodrigo Yanguas, Maria"]
[Black "Santamaria Baeza, Adolfo"]
[Result "0-1"]
[WhiteElo "2054"]
[BlackElo "1901"]
[PlyCount "80"]
[EventDate "2018.05.26"]
[EventType "swiss"]
[EventRounds "7"]
[EventCountry "ESP"]
[SourceTitle "Ajedrez en Madrid"]
[Source "lmi"]
[SourceDate "2018.05.26"]
[SourceVersion "1"]
[SourceVersionDate "2018.06.02"]
[SourceQuality "1"]

1. e4 e5 2. Nf3 Nc6 3. Bb5 Bc5 4. c3 Qf6 5. O-O h6 6. d3 Nge7 7. Be3 Bb6 8.
Nbd2 O-O 9. Nc4 d6 10. Nxb6 axb6 11. d4 Ng6 12. Qd2 Bg4 13. Ne1 Ra5 14. a4 Rfa8
15. f3 Bc8 16. Rd1 Nce7 17. b3 Be6 18. d5 Bc8 19. f4 Bg4 20. fxe5 Qxe5 21. Nd3
Qxe4 22. Rde1 Rxb5 23. axb5 Qxd5 24. c4 Qh5 25. Qf2 Be6 26. Ra1 Re8 27. Bd2 Ne5
28. Nf4 Qf5 29. Qg3 Qg4 30. Qc3 Nd7 31. b4 Ng6 32. Nxe6 fxe6 33. Rf3 Nde5 34.
Rg3 Qh4 35. c5 Rf8 36. cxd6 cxd6 37. Qb3 Qd4+ 38. Qe3 Qxa1+ 39. Be1 Nf4 40. h4
Ned3 0-1

[Event "Madrid ch - Final 2018"]
[Site "Madrid ESP"]
[Date "2018.05.28"]
[Round "3.1"]
[White "Espinosa Aranda, Angel"]
[Black "Martin Duque, Jesus"]
[Result "1-0"]
[WhiteElo "2465"]
[BlackElo "2377"]
[PlyCount "117"]
[EventDate "2018.05.26"]
[EventType "swiss"]
[EventRounds "7"]
[EventCountry "ESP"]
[SourceTitle "Ajedrez en Madrid"]
[Source "lmi"]
[SourceDate "2018.05.26"]
[SourceVersion "1"]
[SourceVersionDate "2018.06.02"]
[SourceQuality "1"]

1. Nf3 d5 2. g3 Bg4 3. Bg2 c6 4. c4 e6 5. Qb3 Qb6 6. d3 Nd7 7. Be3 Qa6 8. O-O
Bd6 9. Nc3 Ne7 10. cxd5 exd5 11. Nd4 O-O 12. h3 Nc5 13. Qc2 Bd7 14. b4 Ne6 15.
Nxe6 Bxe6 16. Rab1 Nf5 17. Bd2 Rac8 18. Qd1 Be5 19. b5 Qa3 20. bxc6 bxc6 21.
Qc1 Qd6 22. e4 Ne7 23. f4 Bd4+ 24. Kh2 f5 25. e5 Qd7 26. Qa3 Rfd8 27. Rfc1 Ng6
28. Ne2 Bb6 29. Bb4 Be3 30. Rc2 d4 31. Bd6 Bd5 32. Qc5 Bxg2 33. Kxg2 Nf8 34.
Rcb2 Ne6 35. Qc4 c5 36. Qd5 Qc6 37. Qxc6 Rxc6 38. Kf3 c4 39. dxc4 Rxc4 40. Rb8
Rcc8 41. R8b7 Re8 42. g4 g6 43. gxf5 gxf5 44. Ng3 Bxf4 45. Nxf5 Rc1 46. Rxc1
Bxc1 47. Ke4 Ng5+ 48. Kxd4 Nxh3 49. Rg7+ Kh8 50. Rxa7 h5 51. Be7 Bg5 52. Ra3
Nf4 53. Bxg5 Ne6+ 54. Kd5 Nxg5 55. Nd6 Re7 56. Rg3 Nh7 57. e6 h4 58. Rh3 Nf6+
59. Ke5 1-0

[Event "Madrid ch - Final 2018"]
[Site "Madrid ESP"]
[Date "2018.05.28"]
[Round "3.2"]
[White "Moreno Ruiz, Javier"]
[Black "Pulvett Marin, Daniel Eduardo"]
[Result "1/2-1/2"]
[WhiteElo "2447"]
[BlackElo "2455"]
[PlyCount "122"]
[EventDate "2018.05.26"]
[EventType "swiss"]
[EventRounds "7"]
[EventCountry "ESP"]
[SourceTitle "Ajedrez en Madrid"]
[Source "lmi"]
[SourceDate "2018.05.26"]
[SourceVersion "1"]
[SourceVersionDate "2018.06.02"]
[SourceQuality "1"]

1. d4 Nf6 2. Bf4 d6 3. e3 g6 4. Nf3 Bg7 5. h3 O-O 6. Be2 Nbd7 7. O-O c5 8. c3
b6 9. Nbd2 Bb7 10. Bh2 Rc8 11. a4 a6 12. Bd3 cxd4 13. exd4 e5 14. Re1 Re8 15.
Nc4 Bxf3 16. gxf3 Qc7 17. Bf1 Bf8 18. Qb3 Qc6 19. dxe5 dxe5 20. Nxe5 Nxe5 21.
Rxe5 Rxe5 22. Bxe5 Qxf3 23. Bg2 Qf5 24. Bd4 Bc5 25. Rd1 Re8 26. Bxc5 bxc5 27.
Qc4 a5 28. Qb5 Kg7 29. b4 Qc2 30. Rf1 Qxc3 31. bxa5 Qd4 32. a6 Re7 33. Qb6 Qxa4
34. Qxc5 Re6 35. a7 Ra6 36. a8=Q Rxa8 37. Bxa8 Qxa8 38. Qc3 Qd5 39. Ra1 Qg5+
40. Kh1 Qd5+ 41. Kh2 Qf5 42. Qd4 Kh6 43. Qe3+ Kg7 44. Re1 Qd5 45. Kg1 h6 46.
Qe5 Qc6 47. Re3 g5 48. Qf5 Nd5 49. Rg3 Qc1+ 50. Kh2 Nf4 51. h4 Qd2 52. Qc5 Ne6
53. Qe5+ Kg6 54. Qe4+ Kg7 55. Qe5+ Kg6 56. Rf3 Nf4 57. Qe4+ Kg7 58. hxg5 hxg5
59. Qf5 f6 60. Qc5 Qe2 61. Rxf4 gxf4 1/2-1/2

[Event "Madrid ch - Final 2018"]
[Site "Madrid ESP"]
[Date "2018.05.28"]
[Round "3.3"]
[White "Roa Alonso, Santiago"]
[Black "Lin, Yingrui"]
[Result "1-0"]
[WhiteElo "2355"]
[BlackElo "2188"]
[PlyCount "103"]
[EventDate "2018.05.26"]
[EventType "swiss"]
[EventRounds "7"]
[EventCountry "ESP"]
[SourceTitle "Ajedrez en Madrid"]
[Source "lmi"]
[SourceDate "2018.05.26"]
[SourceVersion "1"]
[SourceVersionDate "2018.06.02"]
[SourceQuality "1"]

1. e4 c6 2. c4 d6 3. d4 Nf6 4. Nc3 Nbd7 5. Nf3 e5 6. Be2 Be7 7. O-O O-O 8. Re1
a6 9. d5 c5 10. Nd2 Ne8 11. Nf1 Bg5 12. a3 Bxc1 13. Qxc1 h6 14. b4 b6 15. Ne3
Qg5 16. Rb1 Ndf6 17. bxc5 bxc5 18. g3 Qg6 19. Ng2 Nh7 20. Qe3 f5 21. Nh4 Qf6
22. exf5 Bxf5 23. Nxf5 Qxf5 24. Bd3 Qf7 25. Bxh7+ Kxh7 26. Ne4 Rd8 27. Rb6 Qe7
28. Rxa6 Nf6 29. f4 Nxe4 30. Qxe4+ Kh8 31. fxe5 dxe5 32. Re6 Qf7 33. Qe3 Rb8
34. Rxe5 Rb2 35. Re8 Rb8 36. Rxb8 Rxb8 37. Qxc5 Re8 38. Rxe8+ Qxe8 39. Qf2 Qe4
40. Qf4 Qe1+ 41. Qf1 Qe3+ 42. Kg2 Qxa3 43. Qe2 Kh7 44. h4 Kh8 45. h5 Kh7 46.
Qc2+ Kh8 47. c5 Qa5 48. d6 Qa8+ 49. c6 Qa5 50. c7 Qd5+ 51. Kh2 Qxh5+ 52. Kg1
1-0

[Event "Madrid ch - Final 2018"]
[Site "Madrid ESP"]
[Date "2018.05.28"]
[Round "3.4"]
[White "Pastor Alonso de Prado, Emilio Alberto"]
[Black "Candela Perez, Jose"]
[Result "0-1"]
[WhiteElo "2148"]
[BlackElo "2353"]
[PlyCount "66"]
[EventDate "2018.05.26"]
[EventType "swiss"]
[EventRounds "7"]
[EventCountry "ESP"]
[SourceTitle "Ajedrez en Madrid"]
[Source "lmi"]
[SourceDate "2018.05.26"]
[SourceVersion "1"]
[SourceVersionDate "2018.06.02"]
[SourceQuality "1"]

1. e4 e6 2. d4 d5 3. e5 c5 4. c3 Nc6 5. Nf3 Qb6 6. Be2 f6 7. O-O fxe5 8. dxe5
Nh6 9. c4 d4 10. Bd3 Nf7 11. Re1 g6 12. a3 Bg7 13. Bf4 Qxb2 14. Nbd2 Qb6 15. h4
Qc7 16. Qe2 O-O 17. h5 Ne7 18. hxg6 Nxg6 19. Bxg6 hxg6 20. Qd3 Nh8 21. Bg5 b6
22. Ne4 Bb7 23. Nf6+ Bxf6 24. Bxf6 Bxf3 25. Qxf3 Rae8 26. Re4 Rf7 27. Rae1 Rh7
28. Qg3 Qd7 29. Rg4 b5 30. cxb5 Rc8 31. Qd3 Rc7 32. Rc1 Rh6 33. a4 Qh7 0-1

[Event "Madrid ch - Final 2018"]
[Site "Madrid ESP"]
[Date "2018.05.28"]
[Round "3.5"]
[White "Perez Gonzalez, Jose Manuel"]
[Black "Mkrtchyan, Levon"]
[Result "1-0"]
[WhiteElo "2252"]
[BlackElo "2141"]
[PlyCount "143"]
[EventDate "2018.05.26"]
[EventType "swiss"]
[EventRounds "7"]
[EventCountry "ESP"]
[SourceTitle "Ajedrez en Madrid"]
[Source "lmi"]
[SourceDate "2018.05.26"]
[SourceVersion "1"]
[SourceVersionDate "2018.06.02"]
[SourceQuality "1"]

1. d4 Nf6 2. c4 c5 3. d5 b5 4. cxb5 a6 5. bxa6 Bxa6 6. g3 d6 7. Bg2 g6 8. b3
Bg7 9. Bb2 Nbd7 10. Nh3 O-O 11. O-O Nb6 12. Re1 Qd7 13. Nc3 Rab8 14. e4 Qa7 15.
a4 Nbd7 16. Nb5 Bxb5 17. axb5 Qb6 18. Bf1 Ra8 19. Qc2 Ng4 20. Bxg7 Kxg7 21. Bc4
Ndf6 22. f3 Ne5 23. Qc3 Kg8 24. Kg2 Qb7 25. Nf2 Rxa1 26. Rxa1 Ra8 27. Ra6 Nxc4
28. Rxa8+ Qxa8 29. Qxc4 Nd7 30. Qa4 Nb6 31. Qxa8+ Nxa8 32. Nd1 Kf8 33. Kf2 Ke8
34. Ke3 Kd7 35. Nc3 Kc7 36. Na4 Nb6 37. Nb2 e6 38. dxe6 fxe6 39. Kd3 d5 40.
exd5 exd5 41. f4 Nd7 42. Na4 Kd6 43. g4 g5 44. fxg5 Ne5+ 45. Ke3 Nxg4+ 46. Kf4
Nxh2 47. b6 Kc6 48. Nxc5 Kxb6 49. Ne6 Kb5 50. Nf8 d4 51. Nxh7 d3 52. Ke3 Kb4
53. Kxd3 Nf3 54. Kc2 Kc5 55. Kc3 Kd6 56. b4 Ke7 57. b5 Ne5 58. Kb4 Kf7 59. b6
Kg6 60. Nf8+ Kf7 61. Nh7 Kg6 62. Nf6 Kxg5 63. Nd5 Kf5 64. b7 Ke6 65. Kb5 Nd7
66. Kc6 Nb8+ 67. Kc7 Na6+ 68. Kb6 Nb8 69. Nc7+ Kd6 70. Nb5+ Kd7 71. Ka7 Nc6+
72. Ka8 1-0

[Event "Madrid ch - Final 2018"]
[Site "Madrid ESP"]
[Date "2018.05.28"]
[Round "3.6"]
[White "Sanchez Garcia, Aurelio"]
[Black "Fernandez Lledo, Javier"]
[Result "0-1"]
[WhiteElo "2060"]
[BlackElo "2241"]
[PlyCount "120"]
[EventDate "2018.05.26"]
[EventType "swiss"]
[EventRounds "7"]
[EventCountry "ESP"]
[SourceTitle "Ajedrez en Madrid"]
[Source "lmi"]
[SourceDate "2018.05.26"]
[SourceVersion "1"]
[SourceVersionDate "2018.06.02"]
[SourceQuality "1"]

1. c4 e6 2. Nf3 Nf6 3. e3 d5 4. b3 c5 5. Bb2 Nc6 6. cxd5 Nxd5 7. Nc3 a6 8. Be2
Be7 9. Nxd5 Qxd5 10. O-O e5 11. d4 e4 12. Ne5 Nxe5 13. dxe5 Qe6 14. Qc2 Qg6 15.
Rfd1 Bh3 16. Bf1 Bg4 17. Rd6 Bxd6 18. exd6 Rc8 19. Be5 O-O 20. Rc1 h5 21. h4 b5
22. a4 Bd7 23. a5 Qf5 24. Bf4 f6 25. Be2 g5 26. Bg3 gxh4 27. Bxh4 Rfe8 28. Bg3
Kg7 29. Bf4 Qg6 30. Kh2 Rg8 31. Rh1 h4 32. Kg1 Kf8 33. g3 h3 34. Kh2 Qf5 35.
Rd1 Kf7 36. Rd2 Rgd8 37. Qd1 Be6 38. g4 Qg6 39. g5 Kf8 40. d7 Rc6 41. Bh5 Qg7
42. Be8 fxg5 43. Bd6+ Kg8 44. Bg3 Bf7 45. Rd6 Rxd6 46. Qxd6 Bxe8 47. dxe8=Q+
Rxe8 48. Qxc5 Qf6 49. Kxh3 Rd8 50. Qb6 Qf5+ 51. Kh2 Rd7 52. Qb8+ Kf7 53. Qh8 g4
54. Bf4 b4 55. Kg3 Rd5 56. Qb8 Rd7 57. Qxb4 Qh5 58. Qc4+ Kg7 59. Qf1 Rd1 60.
Qg2 Rg1 0-1

[Event "Madrid ch - Final 2018"]
[Site "Madrid ESP"]
[Date "2018.05.28"]
[Round "3.7"]
[White "De La Fuente Gonzalez, Francisco"]
[Black "Perez Diez, Victor"]
[Result "1/2-1/2"]
[WhiteElo "2213"]
[BlackElo "1964"]
[PlyCount "32"]
[EventDate "2018.05.26"]
[EventType "swiss"]
[EventRounds "7"]
[EventCountry "ESP"]
[SourceTitle "Ajedrez en Madrid"]
[Source "lmi"]
[SourceDate "2018.05.26"]
[SourceVersion "1"]
[SourceVersionDate "2018.06.02"]
[SourceQuality "1"]

1. Nf3 f5 2. g3 Nf6 3. Bg2 g6 4. d4 Bg7 5. O-O O-O 6. b3 d6 7. Bb2 c6 8. Nbd2
Qc7 9. Re1 Na6 10. e4 fxe4 11. Nxe4 Nxe4 12. Rxe4 Bf5 13. Re2 Bg4 14. Re4 Bf5
15. Re2 Bg4 16. Re4 Bf5 1/2-1/2

[Event "Madrid ch - Final 2018"]
[Site "Madrid ESP"]
[Date "2018.05.28"]
[Round "3.8"]
[White "Cabañas Bravo, Juan Andres"]
[Black "Iagar, Razvan-Gabriel"]
[Result "1/2-1/2"]
[WhiteElo "1936"]
[BlackElo "2213"]
[PlyCount "93"]
[EventDate "2018.05.26"]
[EventType "swiss"]
[EventRounds "7"]
[EventCountry "ESP"]
[SourceTitle "Ajedrez en Madrid"]
[Source "lmi"]
[SourceDate "2018.05.26"]
[SourceVersion "1"]
[SourceVersionDate "2018.06.02"]
[SourceQuality "1"]

1. e4 e6 2. d4 d5 3. Nc3 Nf6 4. Bg5 Be7 5. e5 Nfd7 6. h4 O-O 7. Bd3 c5 8. Nh3
g6 9. dxc5 Nxe5 10. f4 Nxd3+ 11. Qxd3 Na6 12. O-O-O Nxc5 13. Qd4 f6 14. Bh6 Rf7
15. Nf2 Bf8 16. Bxf8 Qxf8 17. h5 e5 18. Qxd5 Be6 19. Qf3 exf4 20. hxg6 hxg6 21.
Qxf4 Rc8 22. Rh6 Qg7 23. Rdh1 Rfc7 24. Rh8+ Qxh8 25. Rxh8+ Kxh8 26. Qxf6+ Kh7
27. g4 Rf7 28. Qh4+ Kg8 29. b4 Nd7 30. Nce4 Bxa2 31. Nd6 Rh7 32. Qg5 Rf8 33.
Nd3 Rg7 34. Nxb7 Nf6 35. Nbc5 Bc4 36. Ne5 Nh7 37. Qd2 Bf7 38. g5 Re8 39. Ng4
Kh8 40. Nh6 Bg8 41. Qf4 Re1+ 42. Kd2 Re8 43. Ne4 Rd7+ 44. Kc3 Rde7 45. Nf6 Nxf6
46. Qxf6+ Rg7 47. Qc6 1/2-1/2

[Event "Madrid ch - Final 2018"]
[Site "Madrid ESP"]
[Date "2018.05.28"]
[Round "3.9"]
[White "Nuñez Muñoz, Jesus"]
[Black "Fernandez Aransay, Fernando"]
[Result "1-0"]
[WhiteElo "2193"]
[BlackElo "1871"]
[PlyCount "169"]
[EventDate "2018.05.26"]
[EventType "swiss"]
[EventRounds "7"]
[EventCountry "ESP"]
[SourceTitle "Ajedrez en Madrid"]
[Source "lmi"]
[SourceDate "2018.05.26"]
[SourceVersion "1"]
[SourceVersionDate "2018.06.02"]
[SourceQuality "1"]

1. e4 c5 2. Nf3 d6 3. d4 cxd4 4. Nxd4 Nf6 5. Nc3 g6 6. g3 Bg7 7. Bg2 O-O 8. O-O
Nbd7 9. a4 a5 10. Re1 Nc5 11. Nd5 Bd7 12. b3 Rc8 13. Bg5 Re8 14. Qd2 Ne6 15.
Nxf6+ exf6 16. Be3 Qc7 17. Rac1 Ng5 18. f3 Bh6 19. h4 Nxf3+ 20. Bxf3 Bxe3+ 21.
Rxe3 d5 22. Bg2 dxe4 23. c4 Rcd8 24. Qc3 f5 25. Rf1 Qc5 26. Kh2 Bc8 27. Nb5 Qe7
28. Qxa5 Rd3 29. Rfe1 Rxe3 30. Rxe3 f4 31. Rxe4 fxg3+ 32. Kh1 Qd7 33. Rxe8+
Qxe8 34. Qc3 Qe2 35. Qxg3 Bf5 36. Nd6 Bc2 37. Kh2 Qd1 38. Qf4 f5 39. Qe5 Be4
40. Qe8+ Kg7 41. Nxe4 fxe4 42. Qxe4 Qd6+ 43. Kg1 Qd1+ 44. Kf2 Qd2+ 45. Kg3 Qd6+
46. Qf4 Qd3+ 47. Qf3 Qd6+ 48. Kh3 Qd7+ 49. Kh2 Qd6+ 50. Qg3 Qd4 51. h5 Qd1 52.
hxg6 hxg6 53. Qc7+ Kh6 54. Qf4+ Kg7 55. Qe3 Qd6+ 56. Kg1 Qd1+ 57. Bf1 Qg4+ 58.
Kf2 Qf5+ 59. Qf3 Qc5+ 60. Ke2 Qe5+ 61. Kd3 Qb2 62. Qxb7+ Kh6 63. Bg2 Qb1+ 64.
Kc3 Qe1+ 65. Kb2 Qd2+ 66. Ka3 Qd6+ 67. Qb4 Qf4 68. Qc3 Qf8+ 69. c5 g5 70. Qh3+
Kg7 71. Qd7+ Kh8 72. Qd6 Qg7 73. Qd8+ Kh7 74. Be4+ Kh6 75. Qd6+ Kh5 76. Qh2+
Kg4 77. Qg2+ Kh4 78. Qf2+ Kh5 79. Qb2 Qf8 80. Qe5 Kh4 81. a5 g4 82. a6 Qd8 83.
Ka4 Qd2 84. Kb5 Qe2+ 85. Kb6 1-0

[Event "Madrid ch - Final 2018"]
[Site "Madrid ESP"]
[Date "2018.05.28"]
[Round "3.10"]
[White "Santamaria Baeza, Adolfo"]
[Black "Martinez Fernandez, Raul"]
[Result "0-1"]
[WhiteElo "1901"]
[BlackElo "2176"]
[PlyCount "55"]
[EventDate "2018.05.26"]
[EventType "swiss"]
[EventRounds "7"]
[EventCountry "ESP"]
[SourceTitle "Ajedrez en Madrid"]
[Source "lmi"]
[SourceDate "2018.05.26"]
[SourceVersion "1"]
[SourceVersionDate "2018.06.02"]
[SourceQuality "1"]

1. e4 e5 2. Nf3 Nc6 3. Bc4 Nf6 4. d3 Bc5 5. c3 d6 6. b4 Bb6 7. Bg5 h6 8. Bh4
Be6 9. Nbd2 Qd7 10. a4 a6 11. a5 Ba7 12. b5 Ne7 13. bxa6 bxa6 14. Bxa6 Bxf2+
15. Bxf2 Rxa6 16. d4 O-O 17. O-O Ng6 18. d5 Bg4 19. Qe2 Rfa8 20. Nb3 Nf4 21.
Qe3 c5 22. Nxe5 dxe5 23. Nxc5 Qc8 24. Nxa6 Rxa6 25. Rfe1 Qc4 26. Qc5 Ne2+ 27.
Kh1 Nxe4 28. h3 0-1

[Event "Madrid ch - Final 2018"]
[Site "Madrid ESP"]
[Date "2018.05.29"]
[Round "4.1"]
[White "Pulvett Marin, Daniel Eduardo"]
[Black "Espinosa Aranda, Angel"]
[Result "1/2-1/2"]
[WhiteElo "2455"]
[BlackElo "2465"]
[PlyCount "69"]
[EventDate "2018.05.26"]
[EventType "swiss"]
[EventRounds "7"]
[EventCountry "ESP"]
[SourceTitle "Ajedrez en Madrid"]
[Source "lmi"]
[SourceDate "2018.05.26"]
[SourceVersion "1"]
[SourceVersionDate "2018.06.02"]
[SourceQuality "1"]

1. d4 Nf6 2. Nf3 e6 3. c4 b6 4. g3 c6 5. Bg2 Be7 6. Nc3 d5 7. Ne5 O-O 8. O-O
Ba6 9. b3 Nfd7 10. Bb2 Nxe5 11. dxe5 Nd7 12. Qc2 b5 13. cxb5 cxb5 14. a4 Rc8
15. axb5 Bxb5 16. Qd1 Bc6 17. e4 dxe4 18. Nxe4 Bxe4 19. Bxe4 Nc5 20. Bc2 Qb6
21. h4 g6 22. Qf3 Rfd8 23. Rad1 Rxd1 24. Rxd1 Na6 25. Rd7 Rc7 26. Qa8+ Kg7 27.
Rxe7 Rxe7 28. Ba3 Nb4 29. h5 h6 30. Qf3 Rd7 31. Qf6+ Kg8 32. hxg6 Nxc2 33. Be7
Rxe7 34. Qxe7 fxg6 35. Qe8+ 1/2-1/2

[Event "Madrid ch - Final 2018"]
[Site "Madrid ESP"]
[Date "2018.05.29"]
[Round "4.2"]
[White "Martin Duque, Jesus"]
[Black "Moreno Ruiz, Javier"]
[Result "1/2-1/2"]
[WhiteElo "2377"]
[BlackElo "2447"]
[PlyCount "84"]
[EventDate "2018.05.26"]
[EventType "swiss"]
[EventRounds "7"]
[EventCountry "ESP"]
[SourceTitle "Ajedrez en Madrid"]
[Source "lmi"]
[SourceDate "2018.05.26"]
[SourceVersion "1"]
[SourceVersionDate "2018.06.02"]
[SourceQuality "1"]

1. e4 e5 2. Nf3 Nc6 3. Bb5 a6 4. Ba4 Nf6 5. d3 d6 6. c3 g6 7. h3 Bg7 8. Be3 O-O
9. Nbd2 Re8 10. O-O h6 11. Re1 b5 12. Bc2 Bb7 13. a4 Nb8 14. b4 Nbd7 15. Nb3
Rb8 16. axb5 axb5 17. Qc1 Kh7 18. Ra7 Nf8 19. Qa3 Qd7 20. Ra1 Ne6 21. Qc1 Nh5
22. Qd1 d5 23. d4 exd4 24. Nfxd4 Nhf4 25. Qd2 Be5 26. Nxe6 Nxe6 27. f4 Bg7 28.
e5 f5 29. exf6 Bxf6 30. f5 Ng5 31. Nc5 Qd6 32. fxg6+ Kg8 33. Nxb7 Nxh3+ 34. Kh1
Qg3 35. Qxd5+ Kh8 36. Qd7 Ng5 37. Bd4 Qh4+ 38. Kg1 Re1+ 39. Rxe1 Qxe1+ 40. Kh2
Qh4+ 41. Kg1 Qe1+ 42. Kh2 Qh4+ 1/2-1/2

[Event "Madrid ch - Final 2018"]
[Site "Madrid ESP"]
[Date "2018.05.29"]
[Round "4.3"]
[White "Martinez Fernandez, Raul"]
[Black "Roa Alonso, Santiago"]
[Result "1/2-1/2"]
[WhiteElo "2176"]
[BlackElo "2355"]
[PlyCount "48"]
[EventDate "2018.05.26"]
[EventType "swiss"]
[EventRounds "7"]
[EventCountry "ESP"]
[SourceTitle "Ajedrez en Madrid"]
[Source "lmi"]
[SourceDate "2018.05.26"]
[SourceVersion "1"]
[SourceVersionDate "2018.06.02"]
[SourceQuality "1"]

1. e4 e5 2. Nf3 Nc6 3. Bc4 Bc5 4. c3 Nf6 5. d3 a6 6. O-O d6 7. d4 Ba7 8. Re1
Bg4 9. d5 Ne7 10. Nbd2 Ng6 11. h3 Bd7 12. Nf1 Nh5 13. Be3 Nhf4 14. Bxa7 Rxa7
15. Ne3 O-O 16. Bf1 Ne7 17. g3 Nfg6 18. Nd2 f5 19. exf5 Nxf5 20. Ne4 Ra8 21.
Bg2 Nxe3 22. fxe3 Qe7 23. Qe2 Bf5 24. Rf1 a5 1/2-1/2

[Event "Madrid ch - Final 2018"]
[Site "Madrid ESP"]
[Date "2018.05.29"]
[Round "4.4"]
[White "Candela Perez, Jose"]
[Black "Perez Gonzalez, Jose Manuel"]
[Result "1/2-1/2"]
[WhiteElo "2353"]
[BlackElo "2252"]
[PlyCount "33"]
[EventDate "2018.05.26"]
[EventType "swiss"]
[EventRounds "7"]
[EventCountry "ESP"]
[SourceTitle "Ajedrez en Madrid"]
[Source "lmi"]
[SourceDate "2018.05.26"]
[SourceVersion "1"]
[SourceVersionDate "2018.06.02"]
[SourceQuality "1"]

1. e4 c5 2. Nf3 e6 3. b3 Nf6 4. e5 Nd5 5. Bb2 Be7 6. g3 O-O 7. Bg2 Nc6 8. O-O
d6 9. exd6 Qxd6 10. Na3 Bf6 11. Nc4 Qc7 12. Bxf6 Nxf6 13. a4 b6 14. Qe2 Ba6 15.
d3 Rac8 16. Nce5 Bb7 17. Nxc6 1/2-1/2

[Event "Madrid ch - Final 2018"]
[Site "Madrid ESP"]
[Date "2018.05.29"]
[Round "4.5"]
[White "Lin, Yingrui"]
[Black "Nuñez Muñoz, Jesus"]
[Result "1/2-1/2"]
[WhiteElo "2188"]
[BlackElo "2193"]
[PlyCount "54"]
[EventDate "2018.05.26"]
[EventType "swiss"]
[EventRounds "7"]
[EventCountry "ESP"]
[SourceTitle "Ajedrez en Madrid"]
[Source "lmi"]
[SourceDate "2018.05.26"]
[SourceVersion "1"]
[SourceVersionDate "2018.06.02"]
[SourceQuality "1"]

1. c4 c5 2. Nc3 Nc6 3. g3 g6 4. Bg2 Bg7 5. e3 e5 6. Nge2 Nge7 7. a3 d6 8. d3
O-O 9. Nd5 Be6 10. O-O Rb8 11. Nec3 a6 12. Rb1 Qd7 13. b4 cxb4 14. axb4 b5 15.
cxb5 axb5 16. e4 Nd4 17. Be3 Nec6 18. Bh6 f6 19. Bxg7 Kxg7 20. Ra1 Ne7 21. Ra6
Nxd5 22. exd5 Bf5 23. Ne2 Ra8 24. Rxa8 Rxa8 25. Nxd4 exd4 26. Be4 Bh3 27. Re1
Rc8 1/2-1/2

[Event "Madrid ch - Final 2018"]
[Site "Madrid ESP"]
[Date "2018.05.29"]
[Round "4.6"]
[White "Iagar, Razvan-Gabriel"]
[Black "De La Fuente Gonzalez, Francisco"]
[Result "1/2-1/2"]
[WhiteElo "2213"]
[BlackElo "2213"]
[PlyCount "43"]
[EventDate "2018.05.26"]
[EventType "swiss"]
[EventRounds "7"]
[EventCountry "ESP"]
[SourceTitle "Ajedrez en Madrid"]
[Source "lmi"]
[SourceDate "2018.05.26"]
[SourceVersion "1"]
[SourceVersionDate "2018.06.02"]
[SourceQuality "1"]

1. d4 d5 2. c4 dxc4 3. Nf3 Nf6 4. e3 e6 5. Bxc4 c5 6. O-O Nc6 7. dxc5 Qxd1 8.
Rxd1 Bxc5 9. Nbd2 O-O 10. a3 b6 11. b4 Be7 12. Bb2 Bb7 13. Be2 Rfd8 14. Nc4 b5
15. Ncd2 a6 16. Nb3 Rd5 17. Ne1 Rad8 18. Bf3 Rxd1 19. Rxd1 Rxd1 20. Bxd1 Nd7
21. Nd3 Bd6 22. f3 1/2-1/2

[Event "Madrid ch - Final 2018"]
[Site "Madrid ESP"]
[Date "2018.05.29"]
[Round "4.7"]
[White "Perez Diez, Victor"]
[Black "Cabañas Bravo, Juan Andres"]
[Result "0-1"]
[WhiteElo "1964"]
[BlackElo "1936"]
[PlyCount "58"]
[EventDate "2018.05.26"]
[EventType "swiss"]
[EventRounds "7"]
[EventCountry "ESP"]
[SourceTitle "Ajedrez en Madrid"]
[Source "lmi"]
[SourceDate "2018.05.26"]
[SourceVersion "1"]
[SourceVersionDate "2018.06.02"]
[SourceQuality "1"]

1. e4 e5 2. Nc3 Nc6 3. Bc4 Bc5 4. Qg4 Qf6 5. Nd5 Qxf2+ 6. Kd1 Kf8 7. Nh3 h5 8.
Qg5 Qd4 9. d3 Be7 10. Nxe7 Ngxe7 11. Rf1 d5 12. c3 Qc5 13. exd5 Nxd5 14. Qg6
Bg4+ 15. Kc2 Nd8 16. Ng5 f6 17. Nh7+ Rxh7 18. Qxh7 Nf7 19. b4 Qc6 20. b5 Qc5
21. a4 Ne3+ 22. Kb3 Nxc4 23. dxc4 Nd6 24. Qh8+ Kf7 25. Qxa8 Qxc4+ 26. Ka3 Qxc3+
27. Ka2 Be6+ 28. Kb1 Qd3+ 29. Kb2 Qb3# 0-1